India : (Record no. 193996)
[ view plain ]
| 000 -LEADER | |
|---|---|
| fixed length control field | 01240 a2200205 4500 |
| 003 - CONTROL NUMBER IDENTIFIER | |
| control field | Nust |
| 005 - DATE AND TIME OF LATEST TRANSACTION | |
| control field | 20230202120545.0 |
| 020 ## - INTERNATIONAL STANDARD BOOK NUMBER | |
| International Standard Book Number | 0-86442-321-7 (pbk) ; |
| 040 ## - CATALOGING SOURCE | |
| Transcribing agency | Nust |
| 082 ## - DEWEY DECIMAL CLASSIFICATION NUMBER | |
| Classification number | 954,FIN |
| 245 00 - TITLE STATEMENT | |
| Title | India : |
| Remainder of title | a lonely planet travel surival kit / |
| Statement of responsibility, etc. | Hugh Finlay, |
| 250 ## - EDITION STATEMENT | |
| Edition statement | 6. ed. |
| 260 ## - PUBLICATION, DISTRIBUTION, ETC. | |
| Place of publication, distribution, etc. | Hawthorn, Vic. : |
| Name of publisher, distributor, etc. | Lonely Planet, |
| Date of publication, distribution, etc. | 1996 |
| 300 ## - PHYSICAL DESCRIPTION | |
| Extent | 1145 s. : |
| Other physical details | ill. (vissa i f䲧), kartor ; |
| Dimensions | 18 cm |
| 440 #2 - SERIES STATEMENT/ADDED ENTRY--TITLE | |
| Title | A Lonely Planet travel survival kit, |
| 9 (RLIN) | 108460 |
| 505 ## - FORMATTED CONTENTS NOTE | |
| Formatted contents note | Introduction (Page-15), Facts about the Country (Page-17), Sacred India (Page-57), Facts for the Visitor (Page-105), Getting there & Away (Page-169), Getting Around (Page-180), Delhi (Page-209), Punjab & Haryana (Page-249), Jummu and Kashmir (Page-306), Uttar Pradesh (Page-346), Bihar (Page-437), Calcutta (Page-456) West Bengal (Page-483) Sikkim (Page-539), North Estern Region (Page-555), Rajashtan (Page-564), Gujarat (Page-657), Madhya Pradesh (Page-714), Bombay (Page-772), Maharashtra (Page-801), Goa (Page-837), Karnataka (Page-883), Andhra Pradesh (Page-939), Madras (Page-1006), Tamil Nadu (Page-1028), Andaman & Nicobar Island (Page-1095). |
| 700 1# - ADDED ENTRY--PERSONAL NAME | |
| Personal name | Crowther, Geoff. |
| 9 (RLIN) | 108461 |
| 700 1# - ADDED ENTRY--PERSONAL NAME | |
| Personal name | Finlay, Hugh |
| Relator code | oth |
| 9 (RLIN) | 108462 |
| 942 ## - ADDED ENTRY ELEMENTS (KOHA) | |
| Source of classification or shelving scheme | |
| Koha item type | Book |
| Withdrawn status | Lost status | Source of classification or shelving scheme | Damaged status | Not for loan | Permanent Location | Current Location | Shelving location | Date acquired | Shelving control number | Full call number | Barcode | Date last seen | Price effective from | Koha item type | Public note |
|---|---|---|---|---|---|---|---|---|---|---|---|---|---|---|---|
| Military College of Signals (MCS) | Military College of Signals (MCS) | General Stacks | 12/12/2016 | History | 954,FIN | MCS26575 | 12/08/2016 | 12/12/2016 | Book | Almirah No.61, Shelf No.2 |
